| Поле | Инд. | ПП | Название | Значение |
|---|---|---|---|---|
| Тип записи | a | |||
| Библиографический уровень | m | |||
| 001 | Контрольный номер | 639366a8529445a58b35eb0f1ed2db39 | ||
| 005 | Дата корректировки | 20241105144558.9 | ||
| 020 | a | ISBN | 978-5-7995-1239-2 | |
| 040 | b | Код языка каталог. | rus | |
| e | Правила каталог. | PSBO | ||
| 041 | 0_ | a | Код языка текста | rus |
| 080 | a | Индекс УДК | 621.791.9 | |
| 080 | a | Индекс УДК | 621.9.048.7 | |
| 080 | a | Индекс УДК | 669.14.018.2 | |
| 090 | x | Авторский знак | И 88 | |
| a | Полочн. индекс | 621.7 | ||
| 097 | b | Оператор | *Фа* | |
| 100 | 1_ | a | Автор | Афанасьева Л.Е. |
| 245 | 10 | a | Заглавие | Исследование триботехнических свойств поверхностей, полученных воздействием концентрированных потоков энергии |
| b | Продолж. заглавия | монография | ||
| c | Ответственность | под общей редакцией В.В. Измайлова | ||
| c | Ответственность | Тверской государственный технический университет | ||
| 260 | a | Место издания | Тверь | |
| b | Издательство | ТвГТУ | ||
| c | Дата издания | 2022 | ||
| 300 | a | Объем | 164 с. | |
| 516 | 8_ | a | Прим. о типе комп. файла/ данных | Текст : электронный |
| 520 | 0_ | a | Аннотация | Представлены результаты исследований микроструктуры, фазового состава, триботехнических свойств поверхностей, модифицированных лазерным или электронно-лучевым воздействием. Рассмотрено влияние газолазерной резки и лазерной закалки на свойства сплавов. Даны рекомендации по выбору технологических параметров для лазерного микроструктурирования поверхности стали в водной и воздушной средах. Показаны особенности структуры и свойств сплавов, полученных технологиями порошковой лазерной наплавки, селективного лазерного и электронно-лучевого плавления. Предназначена для научных работников, инженеров-конструкторов и технологов машиностроения, приборостроения и энергетики, аспирантов и студентов, обучающихся по соответствующим специальностям. |
| 535 | 1_ | a | Хранилище | Сервер |
| 653 | 0_ | a | Ключевые слова | Обработка материалов |
| a | Ключевые слова | Триботехнические свойства | ||
| a | Ключевые слова | Микрогеометрия | ||
| a | Ключевые слова | Поверхности | ||
| a | Ключевые слова | Газолазерная резка | ||
| a | Ключевые слова | Исследование поверхностей | ||
| 655 | a | Жанр/ форма (устаревшее) | М | |
| 700 | 12 | a | Другие авторы | Новоселова М.В. |
| 700 | 12 | a | Другие авторы | Измайлов В.В. |
| 700 | 1_ | a | Другие авторы | Барчуков Д.А. |
| 900 | a | Имя макрообъекта | 001-000150768-000000000-0000-0000-01 | |
| 901 | t | Тип документа | m | |
| 905 | b | Дата создания записи обработка | 07.10.22 | |
| 922 | c | Кафедра | Прикладная физика | |
| c | Кафедра | Технология металлов и материаловедение | ||
| 951 | i | EL-ТГТУ? | Да | |
| 990 | h | N записи в КСУ для Б/У (DOS) | 1/2024э |